Method of the self-assessment within the meaning of the learning organization in higher education institutions

Vlastnosti učiacej sa organizácie. Významné disciplíny pri tvorbe učiacej sa organizácie. Skúmanie platnosti hypotéz vo výskume o obsahu výučby, kritériách, riadení a úspešnosti učiacej sa organizácie.

Gespeichert in:
Bibliographische Detailangaben
1. Verfasser: Bednárová, Lucia
Weitere Verfasser: Jergová, Natália
Format: Buchkapitel
Sprache:Englisch
Schlagworte:
Tags: Tag hinzufügen
Keine Tags, Fügen Sie das erste Tag hinzu!

MARC

LEADER 00000naa$a2200000$$$4500
001 0210242
005 20240502083525.0
041 0 |a eng 
044 |a BG 
245 1 0 |a Method of the self-assessment within the meaning of the learning organization in higher education institutions  |c Lucia Bednárová, Natália Jergová 
520 |a Vlastnosti učiacej sa organizácie. Významné disciplíny pri tvorbe učiacej sa organizácie. Skúmanie platnosti hypotéz vo výskume o obsahu výučby, kritériách, riadení a úspešnosti učiacej sa organizácie. 
610 2 0 |a učiaca sa organizácia 
610 2 0 |a hodnotenie pracovné 
610 2 0 |a metódy 
610 2 0 |a vzdelanie 
100 1 |a Bednárová, Lucia 
700 1 |a Jergová, Natália